Pháp luật về thế chấp quyền sử dụng đất của hộ gia đình, cá nhân với cá nhân khác : Luận văn Thạc sĩ Luật học. Chuyên ngành Luật kinh tế

Trình bày khái quát về thế chấp quyền sử dụng đất của hộ gia đình, cá nhân với cá nhân khác; quy định của pháp luật về thế chấp quyền sử dụng đất của hộ gia đình, những bất cập và kiến nghị hoàn thiện quy định pháp luật về thế ch...

Descrición completa

Gardado en:
Detalles Bibliográficos
Autor Principal: Phan, Thị Ngọc Thanh
Formato: Libro
Idioma:Undetermined
Publicado: Cần Thơ Trường Đại học Cần Thơ 2017
Những chủ đề:
Các nhãn: Engadir etiqueta
Sen Etiquetas, Sexa o primeiro en etiquetar este rexistro!
Thư viện lưu trữ: Trung tâm Học liệu Trường Đại học Cần Thơ
LEADER 01356nam a2200229Ia 4500
001 CTU_224879
008 210402s9999 xx 000 0 und d
082 |a 346.597043 
082 |b Th107 
100 |a Phan, Thị Ngọc Thanh 
245 0 |a Pháp luật về thế chấp quyền sử dụng đất của hộ gia đình, cá nhân với cá nhân khác : 
245 0 |b Luận văn Thạc sĩ Luật học. Chuyên ngành Luật kinh tế 
245 0 |c Phan Thị Ngọc Thanh ; Nguyễn Lan Hương (Cán bộ hướng dẫn) 
260 |a Cần Thơ 
260 |b Trường Đại học Cần Thơ 
260 |c 2017 
520 |a Trình bày khái quát về thế chấp quyền sử dụng đất của hộ gia đình, cá nhân với cá nhân khác; quy định của pháp luật về thế chấp quyền sử dụng đất của hộ gia đình, những bất cập và kiến nghị hoàn thiện quy định pháp luật về thế chấp quyền sử dụng đất. 
650 |a Quyền sử dụng đất,Land tenure 
650 |x Luật và pháp chế,Law and legislation 
650 |z Việt Nam,Vietnam 
910 |b nthai 
980 |a Trung tâm Học liệu Trường Đại học Cần Thơ